书目信息 |
| 题名: |
Java程序设计
|
|
| 作者: | 刘慧宁 , 那盟 编著 | |
| 分册: | ||
| 出版信息: | 北京 机械工业出版社 2006 |
|
| 页数: | 332页 | |
| 开本: | 26cm | |
| 丛书名: | ||
| 单 册: | ||
| 中图分类: | TP312JA | |
| 科图分类: | ||
| 主题词: | JAVA语言--程序设计--高等学校--教材 , 程序设计 , JAVA语言 | |
| 电子资源: | ||
| ISBN: | 7-111-17471-2 | |
| 000 | 00874nam0 2200277 450 | |
| 001 | 070730000991 | |
| 005 | 20071016101207.85 | |
| 010 | @a7-111-17471-2@dCNY29.00 | |
| 035 | @a003013910 | |
| 100 | @a20050119d2006 em y0chiy0110 ea | |
| 101 | 0 | @achi |
| 102 | @aCN@b110000 | |
| 105 | @ay z 000yy | |
| 200 | 1 | @aJava程序设计@AJava cheng xu she ji@f刘慧宁,那盟等编著 |
| 210 | @a北京@c机械工业出版社@d2006 | |
| 215 | @a332页@d26cm | |
| 300 | @a21世纪高等院校应用型规划教材 | |
| 330 | @a本书全面介绍了Java 2,内容涵盖了集合、泛型、异常处理、IO系统、图形用户界面、applet、多线程、多媒体及网络编程等主题。 | |
| 606 | 0 | @aJAVA语言@x程序设计@x高等学校@j教材 |
| 606 | 0 | @a程序设计 |
| 606 | 0 | @aJAVA语言 |
| 690 | @aTP312JA@v4 | |
| 701 | 0 | @a刘慧宁@Aliu hui ning@c(计算机)@4编著 |
| 701 | 0 | @a那盟@Ana meng@4编著 |
| 801 | 0 | @aCN@c20071016 |
| 905 | @dTP312JA@eL6251 | |
| Java程序设计/刘慧宁,那盟等编著.-北京:机械工业出版社,2006 |
| 332页;26cm |
| 21世纪高等院校应用型规划教材 |
| ISBN 7-111-17471-2:CNY29.00 |
| 本书全面介绍了Java 2,内容涵盖了集合、泛型、异常处理、IO系统、图形用户界面、applet、多线程、多媒体及网络编程等主题。 |
| ● |
| 相关链接 |
|
|
|
正题名:Java程序设计
索取号:TP312JA/L6251
 
预约/预借
| 序号 | 登录号 | 条形码 | 馆藏地/架位号 | 状态 | 备注 |
| 1 | 652356 | 206523564 | 自科库301/301自科库 55排6列2层/ [索取号:TP312JA/L6251] | 在馆 | |
| 2 | 652357 | 206523573 | 自科库301/301自科库 55排6列2层/ [索取号:TP312JA/L6251] | 在馆 |